000 01172nam2a2200301 4500
001 RU\NLR\bibl\9666
005 20250615010942.0
010 _a5-89215-036-4
021 _aRU
_b98-14303
_9674
035 _a(NLR Aleph) 000009458
090 _a30906
_c30906
100 _a19981209d1997 |||y0rusy50 ca
101 0 _arus
102 _aRU
105 _ay |||||||||
200 0 _aКн. 3
_hт. 9-12
210 _d1997
_aБ. м.
215 _a703 с.
461 0 _1001RU\NLR\bibl\11815
_12001#$aИстория государства Российского$vКн. 3
_941153
_aКарамзин, Н. М. (1766-1826)
_cСПб.
_d1997
_fН.М. Карамзин
_nЗолотой век
_oВ 3 кн., заключающих в себе 12 т.
_tИстория государства Российского
_y5-89215-035-6
_vКн. 3
607 _aСССР
_xИстория
_z16 - 17 вв.
_91176479
_3RU\NLR\auth\66155165
607 _aРоссия
_xИстория
_z16 - 17 вв.
_92086769
_3RU\NLR\auth\661262914
686 _aТ3(2)44,02
686 _aТ3(2)45,02
801 0 _aRU
_bNLR
_c19981209
_gPSBO
801 1 _aRU
_bNLR
_c19981209
852 _aNLR
_j98-7/598
942 _cBOOK
980 _aNB